000 01195nam a2200241 a 4500
001 39108
003 BD-RjUL
005 20211209052923.0
008 160404m20031991bg a|||e |||| 00| 0 ben d
020 _a9840744089
_c: Tk.115.00
035 _a(BD-RjUL)39220
040 _aBD-RjUL
_bben
_cBD-RjUL
041 _aben
082 _223
_a305.89595
_bJAB 2003
100 _aজলিল, মুহাম্মদ আব্দুল
_9117920
245 1 0 _aবাংলাদেশের সাঁওতাল : সমাজ ও সংস্কৃতি /
_cমুহাম্মদ আব্দুল জলিল
260 _aঢাকা :
_bবাংলা একাডেমী ,
_c১৯৯১ [ মুদ্রণ ২০০৩ ]
300 _a[ সাত ] ৯৮ [ আট ] পৃ. :
_bচিত্র;
_c২২ সেমি.
500 _aপরিশিষ্ট সংযুক্ত ।
650 _zবাংলাদেশ
_9120693
_aসাঁওতাল ( দক্ষিন এশিয়ার জনগন)
_vসামাজিক জীবন এবং প্রথা
650 _zBangladesh
_aSantal (South Asian people)
_vSocial life and customs
_9121295
942 _2ddc
_cBK
999 _c39108
_d39108